header

Understanding human error in mine safety (Record no. 68685)

MARC details
000 -LEADER
fixed length control field 01261nam a2200325Ia 4500
100 1# - MAIN ENTRY--AUTHOR NAME
Personal name Simpson, Geoff.
245 10 - TITLE STATEMENT
Title Understanding human error in mine safety
260 ## - PUBLICATION, DISTRIBUTION, ETC. (IMPRINT)
Place of publication Farnham, Surry [England] ;
-- Burlington, VT, USA :
Name of publisher Ashgate,
Year of publication c2009.
300 ## - PHYSICAL DESCRIPTION
Number of Pages xiv, 160 p.
650 #0 - SUBJECT ADDED ENTRY--TOPICAL TERM
Topical Term Mine safety.
Topical Term Human engineering.
700 1# - ADDED ENTRY--PERSONAL NAME
Personal name Horberry, Tim.
Personal name Joy, Jim.
856 40 - ELECTRONIC LOCATION AND ACCESS
Uniform Resource Identifier http://site.ebrary.com/lib/rucke/Doc?id=10331421

No items available.

© 2026 Rongo University
Contact us: librarian | system librarian | Rongo university